| 000 | 00896cam a2200241 4500 | ||
|---|---|---|---|
| 001 | ABS62702 | ||
| 008 | 000000n2000 000 0 eng u | ||
| 035 | _a(Sirsi) u107884 | ||
| 100 | _aLedbetter, S. | ||
| 245 | _aTrouble glazing | ||
| 260 | _c2000 | ||
| 490 |
_aBuilding _v265(8148) 4 August 2000, 44-46(3) |
||
| 520 | _aAssesses the impact government proposals to change Part L of the Building Regulations will have on glazing design and insulation. Under the new regulations, the allowable heat lost through windows will be reduced by 30% which will force glazing manufacturers to improve thermal performance. | ||
| 590 | _aABS | ||
| 650 | _aBUILDING REGULATIONS PART L | ||
| 650 | _aGLAZING | ||
| 650 | _aWINDOWS | ||
| 650 | _aENERGY EFFICIENCY | ||
| 650 | _aDOUBLE GLAZING | ||
| 650 | _aTHERMAL PERFORMANCE | ||
| 690 | _aBUILDING AND CONSTRUCTION-REGULATIONS | ||
| 942 | _n0 | ||
| 999 |
_c64441 _d64441 |
||